000 00713cam a2200193 4500
001 L137338
008 070329s2007 xxk f 000 0 eng d
035 _a(Sirsi) u137338
041 0 _aeng
100 1 _aMcIntosh, Milton
245 0 0 _aUpdate
_blandlord and tenant
260 _c2007
490 0 _aSolicitors' Journal
_v151(12), 390-392(3)
520 _aReviews recent legal cases and developments involving rent arrears, service charges, rent reviews, quiet enjoyment, repairs, alienation, forfeiture, break options and business tenancies.
590 _aKA
651 4 _aEngland and Wales
_y1543-
690 _aPROPERTY-COMMERCIAL PROPERTY-COMMERCIAL LANDLORD AND TENANT-BUSINESS TENANCIES
942 _n0
999 _c106739
_d106739